<?xml version="1.0" encoding="UTF-8"?>
<record
    xmlns:xsi="http://www.w3.org/2001/XMLSchema-instance"
    xsi:schemaLocation="http://www.loc.gov/MARC21/slim http://www.loc.gov/standards/marcxml/schema/MARC21slim.xsd"
    xmlns="http://www.loc.gov/MARC21/slim">

  <leader>01381nam a2200205 a 4500</leader>
  <controlfield tag="001">5992</controlfield>
  <controlfield tag="003">CO-ViMGA</controlfield>
  <controlfield tag="005">20230915225757.0</controlfield>
  <controlfield tag="008">141112s2004    ck      r     000 u spa d</controlfield>
  <datafield tag="040" ind1=" " ind2=" ">
    <subfield code="a">CO-ViMGA</subfield>
    <subfield code="b">spa</subfield>
    <subfield code="c">CO-ViMGA</subfield>
  </datafield>
  <datafield tag="082" ind1="0" ind2="4">
    <subfield code="a">HERa</subfield>
  </datafield>
  <datafield tag="100" ind1="1" ind2=" ">
    <subfield code="a">Herge</subfield>
    <subfield code="9">10330</subfield>
  </datafield>
  <datafield tag="245" ind1="1" ind2="0">
    <subfield code="a">Las aventuras de tint&#xED;n</subfield>
  </datafield>
  <datafield tag="260" ind1=" " ind2=" ">
    <subfield code="a">Barcelona : </subfield>
    <subfield code="b">Juventud, </subfield>
    <subfield code="c">1970</subfield>
  </datafield>
  <datafield tag="300" ind1=" " ind2=" ">
    <subfield code="a">20.V. : il</subfield>
    <subfield code="b">62 pg.</subfield>
    <subfield code="c">30 X 22,5  cm</subfield>
  </datafield>
  <datafield tag="490" ind1=" " ind2=" ">
    <subfield code="a">las aventuras de tintin</subfield>
  </datafield>
  <datafield tag="505" ind1=" " ind2=" ">
    <subfield code="a">VOL.(1), Tint&#xED;n en el congo; VOL.(2), Tint&#xED;n en Am&#xE9;rica; VOL.(3), Los cigarros del fara&#xF3;n; VOL.(4), El loto azul; VOL.(5), La oreja rota;VOL(6), La isla negra; VOL.(7), El cetro de ottokar; VOL.(8), El cangrejo de las pinzas de oro; VOL.(9), La estrella misteriosa; VOL.(10), El secreto del unicornio; VOL.(1)1, El tesoro del rackham el rojo; VOL.(12), Las 7 bolas de cristal; VOL(13), El templo del sol;VOL.(14), Tint&#xED;n en el pa&#xED;s del oro negro; VOL.(15), Objetivo la luna; VOL.(16), Aterrizaje en la luna; VOL.(17), El asunto tornasol; VOL.(18), Stock de coque; VOL.(19), Tint&#xED;n en el tibet; VOL.(20), Las joyas de la castafiore; VOL.(21), Vuelo 714 para sidney; VOL.(22), Tint&#xED;n y el lago de los tiburones; VOL.(23), Tint&#xED;n y los p&#xED;caros; VOL.(24), El templo del sol; VOL.(25), En el pa&#xED;s de los soviets; VOL.(26), Reportero en extremo oriente</subfield>
  </datafield>
  <datafield tag="650" ind1="1" ind2="4">
    <subfield code="a">CUENTOS INFANTILES</subfield>
    <subfield code="9">487</subfield>
  </datafield>
  <datafield tag="942" ind1=" " ind2=" ">
    <subfield code="2">ddc</subfield>
    <subfield code="c">BK</subfield>
  </datafield>
  <datafield tag="999" ind1=" " ind2=" ">
    <subfield code="c">17966</subfield>
    <subfield code="d">17966</subfield>
  </datafield>
  <datafield tag="952" ind1=" " ind2=" ">
    <subfield code="0">0</subfield>
    <subfield code="1">0</subfield>
    <subfield code="2">ddc</subfield>
    <subfield code="4">0</subfield>
    <subfield code="7">0</subfield>
    <subfield code="8">008</subfield>
    <subfield code="a">MEVIECAR</subfield>
    <subfield code="b">MEVIECAR</subfield>
    <subfield code="d">2017-08-04</subfield>
    <subfield code="l">2</subfield>
    <subfield code="o">HERa</subfield>
    <subfield code="p">75410</subfield>
    <subfield code="r">2024-07-26 00:00:00</subfield>
    <subfield code="s">2018-06-25</subfield>
    <subfield code="t">Ej. 7</subfield>
    <subfield code="w">2017-08-04</subfield>
    <subfield code="y">BK</subfield>
  </datafield>
  <datafield tag="952" ind1=" " ind2=" ">
    <subfield code="0">0</subfield>
    <subfield code="1">0</subfield>
    <subfield code="2">ddc</subfield>
    <subfield code="4">0</subfield>
    <subfield code="7">0</subfield>
    <subfield code="8">008</subfield>
    <subfield code="a">MEVIECAR</subfield>
    <subfield code="b">MEVIECAR</subfield>
    <subfield code="d">2017-08-04</subfield>
    <subfield code="l">3</subfield>
    <subfield code="o">HERa</subfield>
    <subfield code="p">784100</subfield>
    <subfield code="r">2018-08-23 00:00:00</subfield>
    <subfield code="s">2018-08-10</subfield>
    <subfield code="t">Ej. 5</subfield>
    <subfield code="w">2017-08-04</subfield>
    <subfield code="y">BK</subfield>
  </datafield>
  <datafield tag="952" ind1=" " ind2=" ">
    <subfield code="0">0</subfield>
    <subfield code="1">0</subfield>
    <subfield code="2">ddc</subfield>
    <subfield code="4">0</subfield>
    <subfield code="7">0</subfield>
    <subfield code="8">008</subfield>
    <subfield code="a">MEVIECAR</subfield>
    <subfield code="b">MEVIECAR</subfield>
    <subfield code="d">2017-08-04</subfield>
    <subfield code="l">2</subfield>
    <subfield code="o">HERa</subfield>
    <subfield code="p">757800</subfield>
    <subfield code="r">2024-07-26 00:00:00</subfield>
    <subfield code="s">2018-08-10</subfield>
    <subfield code="t">Ej. 16</subfield>
    <subfield code="w">2017-08-04</subfield>
    <subfield code="y">BK</subfield>
  </datafield>
  <datafield tag="952" ind1=" " ind2=" ">
    <subfield code="0">0</subfield>
    <subfield code="1">0</subfield>
    <subfield code="2">ddc</subfield>
    <subfield code="4">0</subfield>
    <subfield code="7">0</subfield>
    <subfield code="8">008</subfield>
    <subfield code="a">MEVIECAR</subfield>
    <subfield code="b">MEVIECAR</subfield>
    <subfield code="d">2017-08-04</subfield>
    <subfield code="l">3</subfield>
    <subfield code="o">HERa</subfield>
    <subfield code="p">124650</subfield>
    <subfield code="r">2019-04-01 00:00:00</subfield>
    <subfield code="s">2019-03-18</subfield>
    <subfield code="t">Ej. 18</subfield>
    <subfield code="w">2017-08-04</subfield>
    <subfield code="y">BK</subfield>
  </datafield>
  <datafield tag="952" ind1=" " ind2=" ">
    <subfield code="0">1</subfield>
    <subfield code="1">0</subfield>
    <subfield code="2">ddc</subfield>
    <subfield code="4">4</subfield>
    <subfield code="7">0</subfield>
    <subfield code="8">008</subfield>
    <subfield code="a">MEVIECAR</subfield>
    <subfield code="b">MEVIECAR</subfield>
    <subfield code="d">2015-12-04</subfield>
    <subfield code="h">Volumen. 2 | 11/jun/2009</subfield>
    <subfield code="l">3</subfield>
    <subfield code="o">HERa </subfield>
    <subfield code="p">5992</subfield>
    <subfield code="r">2016-09-30 00:00:00</subfield>
    <subfield code="s">2016-09-28</subfield>
    <subfield code="t">Ej. 2</subfield>
    <subfield code="w">2015-12-04</subfield>
    <subfield code="y">BK</subfield>
  </datafield>
  <datafield tag="952" ind1=" " ind2=" ">
    <subfield code="0">1</subfield>
    <subfield code="1">0</subfield>
    <subfield code="2">ddc</subfield>
    <subfield code="4">4</subfield>
    <subfield code="7">0</subfield>
    <subfield code="8">008</subfield>
    <subfield code="a">MEVIECAR</subfield>
    <subfield code="b">MEVIECAR</subfield>
    <subfield code="d">2015-12-04</subfield>
    <subfield code="h">Volumen. 3 | 11/jun/2009</subfield>
    <subfield code="l">0</subfield>
    <subfield code="o">HERa </subfield>
    <subfield code="p">038209</subfield>
    <subfield code="r">2017-07-27 00:00:00</subfield>
    <subfield code="t">Ej. 3</subfield>
    <subfield code="w">2015-12-04</subfield>
    <subfield code="y">BK</subfield>
  </datafield>
  <datafield tag="952" ind1=" " ind2=" ">
    <subfield code="0">1</subfield>
    <subfield code="1">0</subfield>
    <subfield code="2">ddc</subfield>
    <subfield code="4">4</subfield>
    <subfield code="7">0</subfield>
    <subfield code="8">008</subfield>
    <subfield code="a">MEVIECAR</subfield>
    <subfield code="b">MEVIECAR</subfield>
    <subfield code="d">2017-08-04</subfield>
    <subfield code="l">0</subfield>
    <subfield code="o">HERa</subfield>
    <subfield code="p">741100</subfield>
    <subfield code="r">2017-08-30 00:00:00</subfield>
    <subfield code="t">Ej. 17</subfield>
    <subfield code="w">2017-08-04</subfield>
    <subfield code="y">BK</subfield>
  </datafield>
</record>
